|
|
|
|
| LEADER |
00604cam a2200181 7i4500 |
| 001 |
0000032462 |
| 005 |
20150813090000.0 |
| 020 |
0 |
0 |
|a 9789287039408
|
| 090 |
0 |
0 |
|a M 382.7
|b TRA
|
| 245 |
0 |
0 |
|a Trade policy review :
|b Malaysia 2014.
|
| 260 |
0 |
0 |
|a Geneva:
|b World Trade Organization,
|c 2014.
|
| 300 |
# |
# |
|a 138 pages.
|
| 650 |
0 |
0 |
|a Trade regulation --
|z Malaysia
|
| 650 |
0 |
0 |
|a Economic surveys --
|z Malaysia
|
| 651 |
0 |
0 |
|a Malaysia --
|x Commerce
|
| 710 |
2 |
0 |
|a World Trade Organization
|
| 999 |
|
|
|a B000036364
|b Book
|c Malaysia
|e Business Information Centre
|
| 999 |
|
|
|a 0000036364
|b Book
|c Countries
|e Business Information Centre
|